00000000nam 2200000zi 4500
0019.943248
003CaOODSP
00520250107144100
006m     o  d f      
007cr mn|||||||||
008240916e20191205onca    obs  f000 0 eng d
040 |aCaOODSP|beng|erda|cCaOODSP
043 |an-cn---
045 |ax9y1
0861 |aCS85-002/39-17E-PDF
1001 |aCotter, Adam, |eauthor.
24510|aGender-based violence and unwanted sexual behaviour in Canada, 2018 : |binitial findings from the Survey of Safety in Public and Private Spaces / |cby Adam Cotter and Laura Savage.
24617|aJuristat article - gender-based violence and unwanted sexual behaviour in Canada, 2018 : |binitial findings from the Survey of Safety in Public and Private Spaces
264 1|a[Ottawa] : |bStatistics Canada = Statistique Canada, |cDecember 5, 2019.
264 4|c©2019
300 |a1 online resource (49 pages) : |bcolour illustrations.
336 |atext|btxt|2rdacontent
337 |acomputer|bc|2rdamedia
338 |aonline resource|bcr|2rdacarrier
4901 |aJuristat, |x1209-6393
500 |aIssued also in French under title: La violence fondée sur le sexe et les comportements sexuels non désirés au Canada, 2018 : premiers résultats découlant de l'Enquête sur la sécurité dans les espaces publics et privés.
500 |a"Catalogue no. 85-002-X."
504 |aIncludes bibliographical references.
520 |a"This Juristat article provides an in-depth analysis on the experiences of inappropriate behaviours in public, online and at work, as well as information on experiences and characteristics of violent victimization. Using data from the 2018 Survey of Safety in Public and Private Spaces, this gender-based analysis fills a critical gap by measuring behaviours that have not previously been a focus of other surveys"--Provided by publisher.
650 0|aGender-based violence|zCanada|vStatistics.
650 0|aSex crimes|zCanada|vStatistics.
650 0|aSexual harassment|zCanada|vStatistics.
650 0|aVictims of violent crimes|zCanada|vStatistics.
650 0|aSexual abuse victims|zCanada|vStatistics.
655 7|aStatistics|2lcgft
7102 |aStatistics Canada, |eissuing body.
77508|tLa violence fondée sur le sexe et les comportements sexuels non désirés au Canada, 2018 : |w(CaOODSP)9.943249
830#0|aJuristat.|w(CaOODSP)9.936876
85640|qPDF|s1.99 MB|uhttps://publications.gc.ca/collections/collection_2024/statcan/85-002-x/CS85-002-39-17-eng.pdf
8564 |qHTML|sN/A|uhttps://www150.statcan.gc.ca/n1/pub/85-002-x/2019001/article/00017-eng.htm
986 |a85-002-X